000 00877nam a22002418a 4500
005 20090801143621.0
008 090213s2009 nyu b 001 0 eng
010 _aENG-94609
020 _a9788178126951
_c95.00
035 _aEN-78142
037 _bDBAD / PUB
040 _adpl
_bEnglish
082 _a302.2
100 _aSimon, Peter
245 _aReader's delight communication skills /
_cby Peter Simon
260 _aNew Delhi
_bReader's Delight
_c(200?)
270 _a12-H, New Daryaganj Road, Opp. Traffic Kotwali,
_bNew Delhi
_e110002
300 _aviii, 256p.
_c22cm(pbk)
650 _aPublic speaking.
650 _aListening.
942 _2ddc
_cEN
_h302.2
_mSIM
999 _c28835
_d28835